| 000 | 00608nam a2200205 a 4500 | ||
|---|---|---|---|
| 005 | 20230316063551.0 | ||
| 008 | 991125s1986 es 000 0 spa u | ||
| 020 | _a8459915476 | ||
| 035 | _aUPN01000007313 | ||
| 049 | _aI | ||
| 050 | 4 |
_aPZ7 _bA4.5 |
|
| 100 | 1 |
_aAhlberg, Allan, _d1938- _928683 |
|
| 245 | 1 | 0 |
_aCeci vendedora / _cAllan Ahlberg ; tr. María Elena Walsh. |
| 260 |
_aMadrid : _bOrbis, _c1986. |
||
| 300 |
_a29 p. : _bil. |
||
| 440 | 0 |
_aVeo-veo : _pmi primera biblioteca ; _v46 |
|
| 534 |
_pTítulo original: _tShirley's shops |
||
| 650 | 4 |
_aCuentos infantiles ingleses _910002 |
|
| 905 | _aInfantil | ||
| 999 |
_c7313 _d7313 |
||